| 000 | 01137pam a2200301 a 4500 | ||
|---|---|---|---|
| 999 |
_c129424 _d129424 |
||
| 001 | 1964052 | ||
| 003 | ARRUPE | ||
| 005 | 20190426142239.0 | ||
| 008 | 881031s1989 nju b 001 0 eng | ||
| 010 | _a 88008069 | ||
| 020 | _a0876688571 | ||
| 040 |
_aDLC _cDLC _dDLC |
||
| 050 | 0 | 0 |
_aRC489.S43 _bR68 1989 |
| 082 | 0 | 0 |
_a155.2 _219 |
| 100 | 1 |
_aRowe, Crayton E. _945875 |
|
| 245 | 1 | 0 |
_aEmpathic attunement : _bthe "technique" of psychoanalytic self psychology / _cCrayton E. Rowe, Jr. and David S. MacIsaac. |
| 260 |
_aNorthvale, N.J. : _bJason Aronson, _cc1989. |
||
| 300 |
_axiii, 321 p. ; _c23 cm. |
||
| 500 | _aIncludes index. | ||
| 504 | _aBibliography: p. 307-310. | ||
| 650 | 0 |
_aSelf psychology. _945652 |
|
| 650 | 0 |
_aPsychotherapist and patient. _945876 |
|
| 650 | 0 |
_aEmpathy. _927549 |
|
| 700 | 1 |
_aMacIsaac, David S. _945877 |
|
| 906 |
_a7 _bcbc _corignew _d1 _eocip _f19 _gy-gencatlg |
||
| 942 |
_2lcc _cMONOGRAPH |
||